| 000 | 00900nam a2200193 a 4500 | ||
|---|---|---|---|
| 005 | 20210219151004.0 | ||
| 008 | 991125s1949 mon 000 0 spa u | ||
| 035 | _aUPN01000025394 | ||
| 049 | _aCG | ||
| 050 | 4 |
_aLE71 M62 _bU5.3 |
|
| 245 | 0 | 0 |
_aFuentes para la historia de la universidad : _bserie I, t.1 : actas del Consejo Universitario 1849-1870 _bactas del Consejo Universitario 1849-1870 / _cUniversidad de la República Oriental del Uruguay ; introd. de Felipe Gil |
| 260 |
_aMontevideo : _bUniversidad de la República Oriental del Uruguay, Instituto de Investigaciones Históricas, _c1949 |
||
| 300 | _axx, 545 p., [21] h. de lá | ||
| 500 | _a"Publicación conmemorativa del centenario de su inauguración" | ||
| 610 | 2 | 4 |
_aUNIVERSIDAD DE LA REPUBLICA ORIENTAL DEL URUGUAY- _xHISTORIA |
| 710 | 2 | _aUniversidad de la República Oriental del Uruguay | |
| 904 |
_aAC _b025395 |
||
| 905 | _aLibro | ||
| 999 |
_c25394 _d25394 |
||